000 00525nam a2200193 a 4500
001 1778578483747
003 YourLibrary
005 20260512150558.0
008 260512s2008##################000#0#eng##
020 _a9783110205879
082 0 4 _a420.9
_bFIT
100 1 _aMinkova, Donka,
_eauthor.
245 1 0 _aStudies in the History of the English Language IV :
260 _bDe Gruyter Mouton,
_c2008.
300 _a452 pages
650 0 _aLanguage Study.
942 _cENGLISH
040 _aYourLibrary
_beng
_cYourLibrary
999 _c623098
_d623098